Culture Générale - Clic Quiz - La réponse est en emoji par IA #17 - Statistiques

Statistiques générales
  • Ce quiz a été pris 182 fois
  • Le résultat moyen est 18 sur 40
Statistiques - réponses
Hint Réponse % Correct
Claude François
89%
Ousmane Dembélé
83%
Léon Marchand
80%
Manuel Valls
80%
Jacques Brel
75%
Valéry Giscard d'Estaing
74%
Marc Lavoine
73%
6ix9ine
71%
Tyrion Lannister
70%
Nicolas Anelka
67%
Fabrice Luchini
67%
Mahant Swami Maharaj
63%
Pierre-Emerick Aubameyang
61%
Macaulay Culkin
59%
Florian Philippot
56%
Patrick Swayze
55%
Ali Bongo Ondimba
48%
Christophe Willem
48%
Toussaint Louverture
45%
Charles X
43%
Franklin Roosevelt
38%
Brian May
37%
Claude Debussy
36%
Omar Sharif
35%
George Harrison
33%
Henri Matisse
32%
Ali Daei
31%
Hermann Göring
29%
Manuel Pellegrini
27%
Dustin Henderson
27%
Jean Nouvel
24%
Sergey Lavrov
23%
Christian Louboutin
21%
Brian Johnson
21%
Wayne Gretzky
21%
Screech
20%
William Tyndale
18%
Brian Molko
15%
Sebastian Ingrosso
13%
David Foster Wallace
10%
Aucun quiz correspondant
Distribution des résultats
% des personnes avec chaque résultat
Percentile par nombre de réponses
Votre historique - résultats
Vous n’avez pas pris ce quiz